| 000 | 00608nam a2200241Ia 4500 | ||
|---|---|---|---|
| 005 | 20250425161827.0 | ||
| 008 | 250425s9999 xx 000 0 und d | ||
| 020 | _a1557754853 | ||
| 041 | _aeng | ||
| 082 | _a350.723 1 | ||
| 100 | _aPREMCHAND, A. | ||
| 245 | 0 | _aEFFECTIVE GOVERNMENT ACCOUNTING | |
| 250 | _aS.E. | ||
| 260 |
_aEstados Unidos _bINTERNATIONAL MONETARY FUND _c1995 |
||
| 260 | _aWASHINGTON | ||
| 300 | _a190 | ||
| 650 | _aADMINISTRACION PUBLICA | ||
| 650 | _aFINANZAS PUBLICAS | ||
| 650 | _aGOBIERNO | ||
| 710 | _aINTERNATIONAL MONETARY FUND | ||
| 942 | _c01 | ||
| 010 | _a31383 | ||
| 999 |
_c216937 _d216937 |
||